000 00569nam a2200181Ia 4500
008 100920s9999 xx 000 0 und d
082 _b52202
_a51 थ 87
100 _aगोविलकर म. वि.
245 _aपुरुषोत्तम.
260 _bदिपाली प्रकाशन, कल्याण.
_c1987
300 _a670
_bसाधी
365 _b150
520 _aचरित्र.
630 _aपुरुषोत्तम.
650 _aचरित्र.
730 _aपुरुषोत्तम.
942 _cBOOK
999 _c697676
_d697673